Diccionario enciclopedico de términos téecnicos, vol. 1 : ingles-español /
Guardado en:
| Autor Principal: | |
|---|---|
| Formato: | Libro |
| Publicado: |
Buenos Aires :
Mcgraw-hill,
1994
|
| Etiquetas: |
Agregar Etiqueta
Sin Etiquetas, Sea el primero en etiquetar este registro!
|
| LEADER | 00453nam a22001455a 4500 | ||
|---|---|---|---|
| 001 | CEM.cems009547 | ||
| 005 | 20060214000000.0 | ||
| 008 | 130507s1994##################000#0#####d | ||
| 003 | CEMS | ||
| 082 | 0 | 4 | |a C603 |
| 100 | 1 | |a Collazo, Javier L. | |
| 245 | 1 | 0 | |a Diccionario enciclopedico de términos téecnicos, vol. 1 : |b ingles-español / |
| 260 | |a Buenos Aires : |b Mcgraw-hill, |c 1994 | ||
| 300 | |a 880 p. | ||
| 859 | |a CEMS |b BIB. CEMS - 11 de abril |h C603 |i C565/1 |p 19348.97 |t Ej.1 | ||
